<?xml version="1.0" encoding="UTF-8"?>
<record
    xmlns:xsi="http://www.w3.org/2001/XMLSchema-instance"
    xsi:schemaLocation="http://www.loc.gov/MARC21/slim http://www.loc.gov/standards/marcxml/schema/MARC21slim.xsd"
    xmlns="http://www.loc.gov/MARC21/slim">

  <leader>00936nam a22002297a 4500</leader>
  <controlfield tag="005">20240103145654.0</controlfield>
  <controlfield tag="008">231206b           ||||| |||| 00| 0 eng d</controlfield>
  <datafield tag="040" ind1=" " ind2=" ">
    <subfield code="c">AL</subfield>
  </datafield>
  <datafield tag="041" ind1=" " ind2=" ">
    <subfield code="a">kan</subfield>
  </datafield>
  <datafield tag="082" ind1=" " ind2=" ">
    <subfield code="2">23</subfield>
    <subfield code="b">ABHS</subfield>
    <subfield code="a">K894.8</subfield>
  </datafield>
  <datafield tag="100" ind1=" " ind2=" ">
    <subfield code="a">Abhayakumar K: &#xC85;&#xCAD;&#xCAF;&#xC95;&#xCC1;&#xCAE;&#xCBE;&#xCB0;&#xCCD; &#xC95;&#xCC6; Ed</subfield>
    <subfield code="9">147171</subfield>
  </datafield>
  <datafield tag="245" ind1=" " ind2=" ">
    <subfield code="a">Sobagina Balli: </subfield>
    <subfield code="b">&#xCB8;&#xCCA;&#xCAC;&#xC97;&#xCBF;&#xCA8; &#xCAC;&#xCB3;&#xCCD;&#xCB3;&#xCBF; </subfield>
  </datafield>
  <datafield tag="260" ind1=" " ind2=" ">
    <subfield code="a">Mangaluru</subfield>
    <subfield code="b">Mangalroe University</subfield>
    <subfield code="c">2013</subfield>
  </datafield>
  <datafield tag="300" ind1=" " ind2=" ">
    <subfield code="a">xii,136p</subfield>
    <subfield code="b">PB</subfield>
    <subfield code="c">21x13cm.</subfield>
  </datafield>
  <datafield tag="365" ind1=" " ind2=" ">
    <subfield code="2">Kannada</subfield>
    <subfield code="b">40.00</subfield>
    <subfield code="c">&#x20B9;</subfield>
    <subfield code="d">40.00</subfield>
  </datafield>
  <datafield tag="440" ind1=" " ind2=" ">
    <subfield code="a">Mangala Patyapustaka Malike: &#xCAE;&#xC82;&#xC97;&#xCB3; &#xCAA;&#xCA0;&#xCCD;&#xCAF;&#xCAA;&#xCC1;&#xCB8;&#xCCD;&#xCA4;&#xC95; &#xCAE;&#xCBE;&#xCB2;&#xCBF;&#xC95;&#xCC6;: 46</subfield>
    <subfield code="9">144503</subfield>
  </datafield>
  <datafield tag="650" ind1=" " ind2=" ">
    <subfield code="a">Kannada Vividha: &#xC95;&#xCA8;&#xCCD;&#xCA8;&#xCA1; &#xCB5;&#xCBF;&#xCB5;&#xCBF;&#xCA7; </subfield>
    <subfield code="9">144504</subfield>
  </datafield>
  <datafield tag="650" ind1=" " ind2=" ">
    <subfield code="a">Kannada Literature: &#xC95;&#xCA8;&#xCCD;&#xCA8;&#xCA1; &#xCB8;&#xCBE;&#xCB9;&#xCBF;&#xCA4;&#xCCD;&#xCAF; </subfield>
    <subfield code="9">144505</subfield>
  </datafield>
  <datafield tag="650" ind1=" " ind2=" ">
    <subfield code="a">Ist BA: &#xCAA;&#xCCD;&#xCB0;&#xCA5;&#xCAE; &#xCAC;&#xCBF; &#xC8E; </subfield>
    <subfield code="9">144590</subfield>
  </datafield>
  <datafield tag="700" ind1=" " ind2=" ">
    <subfield code="a">ABHAYAKUMAR (K): &#xC85;&#xCAD;&#xCAF;&#xC95;&#xCC1;&#xCAE;&#xCBE;&#xCB0;&#xCCD; (&#xC95;&#xCC6;) Ed</subfield>
    <subfield code="9">144506</subfield>
  </datafield>
  <datafield tag="942" ind1=" " ind2=" ">
    <subfield code="2">ddc</subfield>
    <subfield code="c">DB</subfield>
  </datafield>
  <datafield tag="999" ind1=" " ind2=" ">
    <subfield code="c">229413</subfield>
    <subfield code="d">229413</subfield>
  </datafield>
  <datafield tag="952" ind1=" " ind2=" ">
    <subfield code="0">0</subfield>
    <subfield code="1">0</subfield>
    <subfield code="2">ddc</subfield>
    <subfield code="4">0</subfield>
    <subfield code="7">0</subfield>
    <subfield code="8">KAN</subfield>
    <subfield code="a">AL</subfield>
    <subfield code="b">AL</subfield>
    <subfield code="d">2023-11-28</subfield>
    <subfield code="e">Prasaranga Mangalore University</subfield>
    <subfield code="g">40.00</subfield>
    <subfield code="l">0</subfield>
    <subfield code="o">K894.8 ABHS</subfield>
    <subfield code="p">D06119</subfield>
    <subfield code="r">2023-12-08 00:00:00</subfield>
    <subfield code="v">40.00</subfield>
    <subfield code="w">2023-12-08</subfield>
    <subfield code="y">DB</subfield>
    <subfield code="z">Donated by Mangalore University</subfield>
  </datafield>
</record>
